|
|
|
|
| LEADER |
00000nam0a2200000 4500 |
| 001 |
300862 |
| 005 |
20231102001338.0 |
| 020 |
|
|
|a RU
|b 82-22358
|
| 035 |
|
|
|a (RuTPU)RU\TPU\book\326015
|
| 090 |
|
|
|a 300862
|
| 100 |
|
|
|a 20150717d1982 k y0rusy5003 ca
|
| 101 |
0 |
|
|a rus
|
| 102 |
|
|
|a RU
|
| 105 |
|
|
|a a z 001zy
|
| 200 |
1 |
|
|a Формы миграции тяжелых металлов в океане (на ранних стадиях океанского осадкообразования)
|e [монография]
|f Л. Л. Демина
|g Академия наук СССР (АН СССР), Институт океанологии им. П. П. Ширшова (ИО)
|
| 210 |
|
|
|a Москва
|c Наука
|d 1982
|
| 215 |
|
|
|a 119 с.
|c ил.
|d 21 см.
|
| 320 |
|
|
|a Библиогр.: с. 110-118
|
| 606 |
1 |
|
|a Океанология
|2 stltpush
|3 (RuTPU)RU\TPU\subj\46870
|9 65963
|
| 610 |
1 |
|
|a речные воды
|
| 610 |
1 |
|
|a морские воды
|
| 610 |
1 |
|
|a тяжелые металлы
|
| 610 |
1 |
|
|a микроэлементы
|
| 610 |
1 |
|
|a миграция
|
| 610 |
1 |
|
|a железо
|
| 610 |
1 |
|
|a марганец
|
| 610 |
1 |
|
|a цинк
|
| 610 |
1 |
|
|a медь
|
| 610 |
1 |
|
|a геохимические барьеры
|
| 610 |
1 |
|
|a монографии
|
| 675 |
|
|
|a 551.46
|z rus
|v 4
|
| 700 |
|
1 |
|a Демина
|b Л. Л.
|g Людмила Львовна
|4 070
|
| 712 |
0 |
2 |
|a Академия наук СССР (АН СССР)
|b Институт океанологии им. П. П. Ширшова (ИО)
|c (Москва)
|2 stltpush
|3 (RuTPU)RU\TPU\col\6016
|
| 801 |
|
0 |
|a RU
|b RuMRKP
|c 19950704
|g psbo
|
| 801 |
|
1 |
|a RU
|b 63413507
|c 20150717
|
| 801 |
|
2 |
|a RU
|b 63413507
|c 20180614
|g RCR
|
| 942 |
|
|
|c BK
|